Unit 11 Russia Vocab - Statistics

General Stats
  • This quiz has been taken 14 times
  • The average score is 10 of 12
Answer Stats
Hint Answer % Correct
mountain that divides Europe from Asia ural
100%
how many time zones does Russia have? (write number) 11
92%
The Ob River flows north into the __ Ocean arctic
92%
The government building in Russia is called the __ kremlin
92%
the capital city of Russia is moscow
92%
the eastern part of Russia is called (Matryoshka or Siberia) siberia
92%
A __ egg is a symbol of extreme wealth faberge
83%
a samovar serves what drink tea
83%
Subarctic, ice cap, and __ are all high latitude cold climates. This word means frozen ground tundra
83%
People who are nomadic in Central Asia and Mongolia live in tents called a __ yurt
75%
good farming soil in Europe and Russia is called __ chernozem
67%
The Trans-Siberian Railroad uses a __ to unite the country (highway, train, cruise line) train
67%
No matching quizzes found
Score Distribution
Percent of People with Each Score
Percentile by Number Answered
Your Score History
You have not taken this quiz